Novena Reseña de Arquitectura/ (Record no. 2302)

MARC details
000 -LEADER
campo de control de longitud fija 00491nam a22001577a 4500
003 - IDENTIFICADOR DE NÚMERO DE CONTROL
campo de control OSt
005 - FECHA Y HORA DE LA ÚLTIMA TRANSACCIÓN
campo de control 20221013163409.0
008 - DATOS DE LONGITUD FIJA--INFORMACIÓN GENERAL
campo de control de longitud fija 221013b |||||||| |||| 00| 0 eng d
040 ## - FUENTE DE CATALOGACIÓN
Centro/agencia transcriptor Biblioteca Lado V
082 ## - NÚMERO DE LA CLASIFICACIÓN DECIMAL DEWEY
Número de clasificación 721.045
Número de ítem SA252n
100 ## - ENTRADA PRINCIPAL--NOMBRE DE PERSONA
9 (RLIN) 173
Nombre de persona Saslavsky Absatz, Ricardo
Numeración Saslavsky Absatz, Ricardo
Término indicativo de función/relación director
245 ## - MENCIÓN DEL TÍTULO
Título Novena Reseña de Arquitectura/
260 ## - PUBLICACIÓN, DISTRIBUCIÓN, ETC.
Lugar de publicación, distribución, etc. Mexico
Nombre del editor, distribuidor, etc. Offset Santiago
300 ## - DESCRIPCIÓN FÍSICA
Extensión 228p.
Dimensiones 24x34cm
942 ## - ELEMENTOS DE ENTRADA SECUNDARIOS (KOHA)
Fuente del sistema de clasificación o colocación Clasificación Decimal Dewey
Tipo de ítem Koha Libros
Parte de la signatura que corresponde a la clasificación (Parte de la clasificación) 721.04
Parte de la signatura que identifica el ejemplar (Parte del ítem) SA252n
Suprimir en OPAC No
Holdings
Estatus retirado Estado de pérdida Fuente del sistema de clasificación o colocación Estado de daño No para préstamo Biblioteca de origen Biblioteca actual Fecha de adquisición Número de inventario Total de préstamos Signatura topográfica completa Código de barras Visto por última vez Precio de reemplazo Tipo de ítem Koha
    Clasificación Decimal Dewey     Biblioteca LadoV Biblioteca LadoV 13/10/2022 001653   721.04 SA252n 001653 13/10/2022 13/10/2022 Libros